00674cam a2200181 i 4500020003000000020002700030041000800057082001300065100002400078245017300102260002300275300002100298650002300319650001900342942000700361952010700368999001700475 a9788184655582 (paperback) a8184655584 (paperback) aENG04a254bRUP1 aRupwate, Daniel D.,12a A biblical administration of the church and society : nineteen textual sermons on administration of the church and fifteen textual sermons on administration of society aDelhibISPCKc2016 axii, 349 pages ; 0aChurch management. 0aSocial justice cBK 00104070aHMIbHMIcGENd2020-06-09eISPCKg450.00l0o254 RUPp11004409r2026-01-16w2026-01-16yBK c22956d22956